[Event "Belgrade Trophy 23rd"]
[Site "Obrenovac"]
[Date "2010.12.02"]
[Round "9"]
[White "Ingason, Sigurdur"]
[Black "Jovanovic, Slobodan"]
[Result "0-1"]
[WhiteElo "1887"]
[BlackElo "2073"]
[PlyCount "81"]
[EventDate "2010.11.24"]
[EventType "swiss"]
[EventRounds "9"]
[EventCountry "YUG"]
[SourceTitle "CBM 139 Extra"]
[Source "ChessBase"]
[SourceDate "2011.01.05"]
[SourceVersion "1"]
[SourceVersionDate "2011.01.05"]
[SourceQuality "1"]

1. d4 Nf6 2. Nf3 g6 3. Bg5 Bg7 4. e3 0-0 5. Bd3 d6 6. 0-0 Nbd7 7. Nbd2 c5 8. c3 b6 9. Qe2 Bb7 10. Rfe1 Qe8 11. e4 e5 12. Nc4 Qe7 13. d5 h6 14. Bd2 Kh8 15. Ne3 Rg8 16. Kh1 Raf8 17. Ng1 Nxe4 18. Bxe4 f5 19. Bc2 Nf6 20. c4 Bc8 21. Nf1 Qf7 22. f4 e4 23. Bc3 Nh5 24. Qe3 Re8 25. Ng3 Nf6 26. h3 Kh7 27. Nf1 h5 28. Qf2 Bh6 29. Ne3 g5 30. fxg5 Rxg5 31. h4 Ng4 32. Nxg4 Rxg4 33. Bd1 e3 34. Qf3 Rxh4+ 35. Nh3 f4 36. Bc2+ Kg8 37. Rg1 Bg4 38. Qf1 Kf8 39. Qe1 e2 40. Qf2 Bg5 41. Bd2 0-1

[Event "Belgrade Trophy 23rd"]
[Site "Obrenovac"]
[Date "2010.11.30"]
[Round "7"]
[White "Jovanovic, Slobodan"]
[Black "Medancic, Rikard"]
[Result "0-1"]
[WhiteElo "2073"]
[BlackElo "2284"]
[PlyCount "70"]
[EventDate "2010.11.24"]
[EventType "swiss"]
[EventRounds "9"]
[EventCountry "YUG"]
[SourceTitle "CBM 139 Extra"]
[Source "ChessBase"]
[SourceDate "2011.01.05"]
[SourceVersion "1"]
[SourceVersionDate "2011.01.05"]
[SourceQuality "1"]

1. e4 e5 2. Nf3 Nc6 3. Bb5 a6 4. Bxc6 dxc6 5. d4 exd4 6. Nxd4 c5 7. Nf3 Qxd1+ 8. Kxd1 Bd7 9. Bg5 f6 10. Bh4 h5 11. Bg3 0-0-0 12. Nc3 Bh3+ 13. Ke2 Bxg2 14. Rhd1 Rxd1 15. Rxd1 Ne7 16. Ne1 Bh3 17. Nd3 b6 18. f3 Be6 19. h4 g5 20. Ke3 Bh6 21. f4 Bg4 22. Rf1 Re8 23. hxg5 fxg5 24. Kf2 gxf4 25. Nxf4 h4 26. Bh2 Rf8 27. Ke1 Nc6 28. Rf2 Nd4 29. Ncd5 Nf3+ 30. Rxf3 Bxf3 31. Ne6 Bxe4 32. Ndxc7 Rg8 33. Nxa6 Rg2 34. Bc7 Bf3 35. Bf4 Re2+ 0-1

[Event "Belgrade Trophy 23rd"]
[Site "Obrenovac"]
[Date "2010.11.25"]
[Round "2"]
[White "Panic, Anastasija"]
[Black "Jovanovic, Slobodan"]
[Result "0-1"]
[WhiteElo "1852"]
[BlackElo "2073"]
[PlyCount "24"]
[EventDate "2010.11.24"]
[EventType "swiss"]
[EventRounds "9"]
[EventCountry "YUG"]
[SourceTitle "CBM 139 Extra"]
[Source "ChessBase"]
[SourceDate "2011.01.05"]
[SourceVersion "1"]
[SourceVersionDate "2011.01.05"]
[SourceQuality "1"]

1. e4 d6 2. d4 Nf6 3. Nc3 g6 4. Be3 Bg7 5. Qd2 Nc6 6. Bb5 0-0 7. Bh6 Bxh6 8. Qxh6 Nxd4 9. Bd3 b5 10. Qe3 c5 11. Nge2 e5 12. Nxb5 c4 0-1